[Event "Ruhrgebiet Verbandsklasse Gruppe 2 1718"]
[Site "Germany"]
[Date "2018.03.18"]
[Round "8.7"]
[White "Degner, Friedhelm"]
[Black "Schreiner, Paulo"]
[Result "1-0"]
[WhiteElo "1770"]
[BlackElo "1781"]
[PlyCount "63"]
[EventDate "2017.09.17"]
[EventType "team-tourn"]
[EventRounds "9"]
[EventCountry "GER"]
[SourceTitle "EXT 2022"]
[Source "ChessBase"]
[SourceDate "2021.10.06"]
[SourceVersion "1"]
[SourceVersionDate "2021.10.06"]
[SourceQuality "1"]
[WhiteTeam "Essen SK Germania Kupferdreh"]
[BlackTeam "Horst Emscher II"]
[WhiteTeamCountry "GER"]
[BlackTeamCountry "GER"]

1. e4 e6 2. d4 d5 3. exd5 exd5 4. Bf4 Nf6 5. Bd3 Bg4 6. f3 Be6 7. Ne2 Bd6 8. 0-0 Nc6 9. c3 Ne7 10. Nd2 Ng6 11. Bxd6 Qxd6 12. Ng3 0-0-0 13. Nf5 Qd7 14. Ng3 Nf4 15. Nb3 b6 16. Ba6+ Kb8 17. Nc5 Qc6 18. Qb3 Bc8 19. a4 Ne6 20. Nxe6 fxe6 21. Bb5 Qb7 22. Rfe1 Rhe8 23. Bxe8 Rxe8 24. Re3 Bd7 25. a5 b5 26. Qc2 Kc8 27. Rae1 Qc6 28. b4 Kd8 29. Nf1 Re7 30. Nd2 Be8 31. Nb3 Bg6 32. Qe2 1-0

[Event "Recklinghausen op 16th"]
[Site "Recklinghausen"]
[Date "2006.10.13"]
[Round "6"]
[White "Schreiner, Paulo"]
[Black "Kusnetsov, Mark"]
[Result "1/2-1/2"]
[WhiteElo "1745"]
[BlackElo "2012"]
[PlyCount "106"]
[EventDate "2006.10.07"]
[EventType "swiss"]
[EventRounds "7"]
[EventCountry "GER"]
[SourceTitle "CBM 114 Extra"]
[Source "ChessBase"]
[SourceDate "2006.11.03"]
[SourceVersion "1"]
[SourceVersionDate "2006.11.03"]
[SourceQuality "1"]

1. d4 Nf6 2. c4 e6 3. Nc3 Bb4 4. Qc2 c5 5. dxc5 Bxc5 6. e3 Nc6 7. Nf3 0-0 8. a3 Be7 9. b4 d5 10. Bb2 b6 11. cxd5 Nxd5 12. Rd1 Bb7 13. e4 Ndxb4 14. axb4 Nxb4 15. Qb1 Qc7 16. Bb5 Rfd8 17. 0-0 a6 18. Be2 Bc6 19. Ba3 a5 20. Bxb4 Bxb4 21. Nb5 Qb7 22. e5 Bc5 23. Nd6 Bxd6 24. Rxd6 Rxd6 25. exd6 Rd8 26. Rd1 Bd5 27. Ng5 g6 28. Bf3 Rxd6 29. Ne4 Rd8 30. Nf6+ Kf8 31. Qb5 Kg7 32. Nxd5 exd5 33. Rxd5 Rxd5 34. Bxd5 Qc7 35. g3 Kf8 36. Qc6 Qxc6 37. Bxc6 g5 38. g4 Ke7 39. Kg2 Kd6 40. Be8 f6 41. Kf3 Kc5 42. Ke4 b5 43. Kd3 a4 44. Kc3 b4+ 45. Kb2 a3+ 46. Kb3 Kd4 47. Bf7 Ke4 48. Kxb4 Kf3 49. h3 Kxf2 50. Kxa3 Kg3 51. Kb4 Kxh3 52. Bh5 Kg3 53. Kc4 Kf4 1/2-1/2

[Event "Recklinghausen op 16th"]
[Site "Recklinghausen"]
[Date "2006.10.10"]
[Round "2"]
[White "Schreiner, Paulo"]
[Black "Orth, Roman"]
[Result "1-0"]
[WhiteElo "1745"]
[BlackElo "2066"]
[PlyCount "75"]
[EventDate "2006.10.07"]
[EventType "swiss"]
[EventRounds "7"]
[EventCountry "GER"]
[SourceTitle "CBM 114 Extra"]
[Source "ChessBase"]
[SourceDate "2006.11.03"]
[SourceVersion "1"]
[SourceVersionDate "2006.11.03"]
[SourceQuality "1"]

1. d4 Nf6 2. c4 e6 3. Nc3 d5 4. cxd5 exd5 5. Bg5 Be7 6. e3 h6 7. Bxf6 Bxf6 8. Bd3 c6 9. Nge2 0-0 10. 0-0 Re8 11. b4 a5 12. b5 Bg4 13. bxc6 bxc6 14. Qc2 Na6 15. a3 Nc7 16. Rfc1 Rc8 17. Na4 Ne6 18. Nc5 Bxe2 19. Bxe2 Nxd4 20. exd4 Bxd4 21. Rab1 Bxc5 22. Rb7 Bxa3 23. Qf5 Rc7 24. Rxc7 Qxc7 25. Rc2 Bb4 26. g3 g6 27. Qd3 Qd6 28. Qa6 Re6 29. Bg4 Rf6 30. Re2 Kg7 31. Qa7 d4 32. Re8 h5 33. h4 Qc5 34. Qb8 Qc1+ 35. Kg2 Rxf2+ 36. Kxf2 hxg4 37. Qe5+ f6 38. Qc7+ 1-0